| 000 | 00665nam a2200205 4500 | ||
|---|---|---|---|
| 001 | 5840 | ||
| 005 | 20181127180403.0 | ||
| 008 | 831129s1964 ii a f000 0beng d | ||
| 090 |
_a954.042 N396jn2004 _b |
||
| 100 |
_aNehru,Jawaharlal. _b _c _d _e _q |
||
| 245 | 0 | 0 |
_aJawaharlal Nehru : _bAn autobiography / |
| 260 |
_aNew Delhi : _bPeguin Books, _c[1964?] |
||
| 300 |
_a655 p. : _c25 cm. |
||
| 500 | _aCover title. | ||
| 600 | 1 | 0 |
_aNehru, Jawaharlal, _d1889-1964. |
| 650 |
_aGandhi, Mahatma, 1869-1948. _v _x _y _z _2 |
||
| 650 |
_aIndia--Politics and government--1919-1947. _v _x _y _z _2 |
||
| 650 | 0 |
_aPrime ministers _zIndia _vBiography. |
|
| 999 |
_c4931 _d4931 |
||